000 00518nam a2200181Ia 4500
005 20250326124625.0
008 250326s9999 xx 000 0 und d
037 _aTextbook
040 _aFMSL
_beng
_cFMSL
041 _aeng
_2eng
084 _aX:8:(S:44) L5
_qFMSL
100 _aMceachern W A
_9737678
245 0 _aManagerial control and performance
_cMceachern W A
260 _aLondon
_bLondon, Lexington Books
_c1975
300 _a138`
942 _cTB
_hX:8:(S:44) L5
999 _c1274449
_d1274449